Gandhi : (Record no. 8226)

MARC details
000 -LEADER
fixed length control field 01058nam a22002897a 4500
001 - CONTROL NUMBER
control field 8226
003 - CONTROL NUMBER IDENTIFIER
control field FISKH
005 - DATE AND TIME OF LATEST TRANSACTION
control field 20250904095033.0
008 - FIXED-LENGTH DATA ELEMENTS--GENERAL INFORMATION
fixed length control field 250904b cb ||||| |||| 00| 0 eng d
020 ## - INTERNATIONAL STANDARD BOOK NUMBER
International Standard Book Number 9780545734769
040 ## - CATALOGING SOURCE
Original cataloging agency FISKH
Language of cataloging eng
Transcribing agency FISKH
Modifying agency FISKH
050 ## - LIBRARY OF CONGRESS CALL NUMBER
Classification number DS481.G3 M386
082 ## - DEWEY DECIMAL CLASSIFICATION NUMBER
Classification number 954.03
100 ## - MAIN ENTRY--PERSONAL NAME
Personal name McGinty, Alice B.
245 ## - TITLE STATEMENT
Title Gandhi :
Remainder of title A march to the sea /
Statement of responsibility, etc. by Alice B. McGinty : illustrated by Thomas Gonzales
260 ## - PUBLICATION, DISTRIBUTION, ETC.
Place of publication, distribution, etc. New York :
Name of publisher, distributor, etc. Scholastic ,
Date of publication, distribution, etc. 2013.
300 ## - PHYSICAL DESCRIPTION
Extent 40 unnumbered pages :
Other physical details color illustrations ;
Dimensions 22 x 28cm.
505 ## - FORMATTED CONTENTS NOTE
Formatted contents note O <br/>
520 ## - SUMMARY, ETC.
Summary, etc. Recreates Mohandas Gandhi's 24-day March to the Sea, from March 12 to April 5, 1930, which became a pivotal moment in India's quest to become an independent country no longer ruled by Great Britain.<br/>
521 8# - TARGET AUDIENCE NOTE
Target audience note 600 <br/>
Source Lexile estimate <br/>
521 8# - TARGET AUDIENCE NOTE
Target audience note O <br/>
Source Raz-Plus <br/>
650 ## - SUBJECT ADDED ENTRY--TOPICAL TERM
Topical term or geographic name entry element Peaceful protest
Form subdivision Non-fiction
650 ## - SUBJECT ADDED ENTRY--TOPICAL TERM
Topical term or geographic name entry element March to the Sea
Form subdivision Non-fiction
700 ## - ADDED ENTRY--PERSONAL NAME
Personal name Gonzale, Thomas
Relator term Illustrator
942 ## - ADDED ENTRY ELEMENTS (KOHA)
Source of classification or shelving scheme Dewey Decimal Classification
Koha item type Books
Suppress in OPAC No
Holdings
Withdrawn status Lost status Source of classification or shelving scheme Damaged status Not for loan Collection Home library Current library Shelving location Date acquired Total Checkouts Full call number Barcode Date last seen Copy number Price effective from Koha item type
    Dewey Decimal Classification     Non-Fiction Footprints International School Library Network Toul Tom Poung Campus Footprints International School Library Network Toul Tom Poung Campus TTP Primary Yellow Bookshelves 09/04/2025   MCG 954.03 DS481.G3 M386 FISSE01541 09/04/2025 1 09/04/2025 Books
    Dewey Decimal Classification       Footprints International School Library Network Toul Tom Poung Campus Footprints International School Library Network Toul Tom Poung Campus TTP Primary Yellow Bookshelves 09/04/2025   MCG 954.03 DS481.G3 M386 FISBK06055 09/04/2025 2 09/04/2025 Books